| 000 | 006190000a22001930004500 | ||
|---|---|---|---|
| 003 | LK-CoMWRAF | ||
| 005 | 20240211043557.0 | ||
| 008 | 230817t1993 ||||| |||| 00| 0 eng d | ||
| 040 |
_aLK-CoMWRAF _dLK-CoMWRAF _eLK-CoMWRAF |
||
| 041 | _aeng | ||
| 082 |
_a923 _bJAY |
||
| 100 | _aJayawardena, Kumari | ||
| 245 |
_aDr. Mary Rutnam : _bA Canadian pioneer for women's rights in Sri Lanka |
||
| 260 |
_aColombo : _bSocial scientists association, _c1993 |
||
| 300 |
_a47 p. _bBibliography included |
||
| 650 | _aWomen physicians -- Sri Lanka -- Biography | ||
| 650 | _aWomen's rights -- Sri Lanka -- History | ||
| 942 | _cBK | ||
| 999 |
_c2929 _d2929 |
||